000
00232nam a2200097Ia 4500
008
170619s9999 xx 000 0 und d
100
_a
Lathi- B.P.
245
0
_a
Principles of Linear Systems and Signals
260
_b
Oxford
260
_c
2012
546
_a
ENGLISH
999
_c
20873
_d
20873